000 00356nam a2200145Ia 4500
008 191206s9999 xx 000 0 und d
020 _a0394565150 :
090 _aPZ3L56684HAB
245 4 _aThe Habit of Loving
250 _a1st ed.
260 _aRandom House
260 _ccc1989
300 _a"xiv, 157 p. ; 22 cm."
999 _c17067
_d17067